000 00705nam a2200289Ia 4500
005 20260324151043.0
008 008 260324s9999 xx 000 0 eng d
020 _a9781315124124
037 _aEBOOK
040 _aCRL
040 _beng
040 _cCRL
041 _2eng
041 _aeng
084 _qCRL
100 _aCarl Francis Glasenapp; W. M. Aston Ellis
_91228562
245 0 _aRevival: Life of Richard Wagner Vol. III (1903)
245 4 _bThe Theatre
260 _bTaylor and Francis
260 _c1903
365 _a
365 _b480
856 _uhttp://www.taylorfrancis.com/books/9781315124124
942 _cEBOOK
999 _c1839038
_d1839038